Purity and Danger (Record no. 9515)

MARC details
000 -LEADER
fixed length control field 00667nam a2200253 a 4500
020 ## - INTERNATIONAL STANDARD BOOK NUMBER
ISBN 0415085
082 00 - DEWEY DECIMAL CLASSIFICATION NUMBER
Classification number 306.6
Author Cutter DOU
100 ## - MAIN ENTRY--AUTHOR NAME
Author name Douglas, Mary
245 ## - TITLE STATEMENT
Title Purity and Danger
Sub title Analysis of Concepts of Pollution and Taboo.
260 ## - PUBLICATION, DISTRIBUTION, ETC. (IMPRINT)
Place of publication London
Name of publisher Routledge Chapman Hall
Year of publication 1966
300 ## - PHYSICAL DESCRIPTION
Number of Pages 193p
500 ## - GENERAL NOTE
General note includes index and biblioraphy
505 2# - FORMATTED CONTENTS NOTE
Formatted contents note Index
650 ## - SUBJECT ADDED ENTRY--TOPICAL TERM
Topical Term Anthropology-Cultural
650 ## - SUBJECT ADDED ENTRY--TOPICAL TERM
Topical Term Purity-Anthropology
942 ## - ADDED ENTRY ELEMENTS (KOHA)
Koha item type Books
700 1# -
-- Douglas, Mary
Holdings
Collection code Home library Current library Date acquired Cost, normal purchase price Full call number Accession Number Koha item type
  Henry Martyn Institute Library Henry Martyn Institute Library 04/04/2007 470.00 306.6 DOU 019886 Books
                   Copyright © 2026 | Henry Martyn Institute | Hyderabad | TS-500052 | INDIA | Implemented by hmi.edu.in
Hit-Count:

Powered by Koha